Renoir landscapes 1865 - 1883 (Record no. 66973)

MARC details
000 -LEADER
fixed length control field 00255nam a22001097a 4500
005 - DATE AND TIME OF LATEST TRANSACTION
control field 20251013095834.0
008 - FIXED-LENGTH DATA ELEMENTS--GENERAL INFORMATION
fixed length control field 251013b |||||||| |||| 00| 0 eng d
040 ## - CATALOGING SOURCE
Transcribing agency PK-LaNCA
082 ## - DEWEY DECIMAL CLASSIFICATION NUMBER
Classification number 712
Item number REN
245 ## - TITLE STATEMENT
Title Renoir landscapes 1865 - 1883
942 ## - ADDED ENTRY ELEMENTS (KOHA)
Koha item type Book
999 ## -
-- 66973
-- 66973
Holdings
Withdrawn status Weedout from Library Permanent Location Current Location Date acquired Full call number Barcode Price effective from Koha item type
    NATIONAL COLLEGE OF ARTS, RAWALPINDI CAMPUS - LIBRARY NATIONAL COLLEGE OF ARTS, RAWALPINDI CAMPUS - LIBRARY 13/10/2025 REN 712 RP007501 RP007501 13/10/2025 Book